Drevársky priemysel na Slovensku
Význam drevospracujúceho priemyslu v ekonomike Slovenska. Významný zdroj ekonomických prínosov národného hospodárstva, ktorý je závislý výlučne na spracovaní obnoviteľných zdrojov primárnej domácej suroviny. Prognózy vývoja slovenského drevospracujúceho priemyslu.
Gespeichert in:
| 1. Verfasser: | |
|---|---|
| Weitere Verfasser: | |
| Format: | Buchkapitel |
| Sprache: | Slowakisch |
| Schlagworte: | |
| Tags: |
Keine Tags, Fügen Sie das erste Tag hinzu!
|
MARC
| LEADER | 00000nla$a2200000$$$4500 | ||
|---|---|---|---|
| 001 | 0142170 | ||
| 005 | 20220321080018.7 | ||
| 041 | 0 | |a slo | |
| 044 | |a SK | ||
| 245 | 1 | 0 | |a Drevársky priemysel na Slovensku |c Lenka Štípalová, Josef Drábek |
| 520 | |a Význam drevospracujúceho priemyslu v ekonomike Slovenska. Významný zdroj ekonomických prínosov národného hospodárstva, ktorý je závislý výlučne na spracovaní obnoviteľných zdrojov primárnej domácej suroviny. Prognózy vývoja slovenského drevospracujúceho priemyslu. | ||
| 610 | 2 | 0 | |a Slovensko |
| 610 | 2 | 0 | |a priemysel drevársky |
| 610 | 2 | 0 | |a spoločnosti |
| 610 | 2 | 0 | |a komplex hospodársky |
| 610 | 2 | 0 | |a priemysel nábytkársky |
| 610 | 2 | 0 | |a priemysel celulózový |
| 610 | 2 | 0 | |a drevo |
| 610 | 2 | 0 | |a rezivo |
| 610 | 2 | 0 | |a výrobky drevárske |
| 610 | 2 | 0 | |a zdroje surovinové |
| 100 | 1 | |a Štípalová, Lenka | |
| 700 | 1 | |a Drábek, Josef | |